Statistics for Brand logo quiz (easy)

Click here to take the quiz!

General Stats

  • This quiz has been taken 485 times
  • The average score is 6 of 8

Answer Stats

Answer% Correct
nike
98%
pepsi
98%
adidas
95%
tesla
72%
gatorade
66%
xbox
65%
louis vuitton
59%
ps4
43%

Score Distribution

Percentile by Number Answered

Percent of People with Each Score

Your Score History

You have not taken this quiz